[Event "Verona Primavera op-B 3rd"]
[Site "Verona"]
[Date "2023.05.13"]
[Round "2"]
[White "Casarotto, Michele"]
[Black "De Togni, Paolo"]
[Result "1/2-1/2"]
[WhiteElo "1614"]
[BlackElo "1536"]
[PlyCount "142"]
[EventDate "2023.05.12"]
[EventType "swiss"]
[EventRounds "5"]
[EventCountry "ITA"]
[SourceTitle "EXT 2025"]
[Source "ChessBase"]
[SourceDate "2024.10.14"]
[SourceVersion "1"]
[SourceVersionDate "2024.10.14"]
[SourceQuality "1"]

1. d4 e6 2. c4 d5 3. Nc3 c5 4. Nf3 Nc6 5. cxd5 exd5 6. e3 Nf6 7. Be2 c4 8. b3 Bb4 9. Bd2 Qa5 10. Qc2 b5 11. 0-0 Bxc3 12. Bxc3 b4 13. Bd2 c3 14. Bc1 Ba6 15. a3 Bxe2 16. Qxe2 Ne7 17. Ne5 Rc8 18. Ra2 0-0 19. axb4 Qxb4 20. Ba3 Qb7 21. f3 Rfe8 22. Qc2 Nc6 23. Nxc6 Rxc6 24. Kf2 Qc8 25. Bc5 Qe6 26. Qxc3 Qf5 27. Kg1 a6 28. Rfa1 Qe6 29. Re1 Nd7 30. b4 f5 31. Qd3 Qg6 32. Rea1 Ree6 33. Qb3 Nf6 34. b5 axb5 35. Qxb5 h6 36. Ra8+ Kh7 37. Rd8 Rc7 38. Qd3 Nd7 39. Raa8 Qg5 40. Rh8+ Kg6 41. Kf2 Nxc5 42. dxc5 Rxc5 43. Rhg8 Qh4+ 44. Ke2 Rec6 45. Ra6 Rc2+ 46. Qxc2 Rxa6 47. Qb2 Qc4+ 48. Ke1 Qc7 49. h4 Qa5+ 50. Kf2 Qa2 51. Rxg7+ Kh5 52. Qxa2 Rxa2+ 53. Kg3 Ra4 54. f4 Re4 55. Kf3 Kxh4 56. Rf7 d4 57. exd4 Rxd4 58. Rxf5 Rd3+ 59. Kf2 Kg4 60. Rf6 h5 61. f5 Rd5 62. Rf8 h4 63. f6 Rf5+ 64. Kg1 Kg5 65. f7 Kg6 66. Kh2 Rh5 67. Rg8+ Kxf7 68. Rg4 Kf6 69. Kh3 Kf5 70. Rxh4 Rg5 71. g4+ Kf4 1/2-1/2

[Event "Basso Veronese  op-B 3rd"]
[Site "Verona"]
[Date "2010.06.06"]
[Round "6"]
[White "Morandini, Alessandro"]
[Black "De Togni, Paolo"]
[Result "0-1"]
[WhiteElo "1422"]
[BlackElo "1368"]
[PlyCount "136"]
[EventDate "2010.05.29"]
[EventType "swiss"]
[EventRounds "6"]
[EventCountry "ITA"]
[SourceTitle "EXT 2011"]
[Source "ChessBase"]
[SourceDate "2010.11.26"]
[SourceVersion "1"]
[SourceVersionDate "2010.11.26"]
[SourceQuality "1"]

1. Nf3 e6 2. d3 d5 3. Nbd2 Nf6 4. e4 c5 5. g3 Nc6 6. Bg2 Be7 7. 0-0 0-0 8. Re1 e5 9. Nf1 d4 10. h4 Ng4 11. N1h2 b6 12. Bg5 Nxh2 13. Kxh2 Bg4 14. Bxe7 Nxe7 15. Bh3 Bxh3 16. Kxh3 Qd7+ 17. Kg2 f6 18. h5 Qg4 19. Rh1 Qd7 20. h6 g6 21. Rh4 b5 22. a3 a5 23. Qh1 a4 24. Qh3 Qxh3+ 25. Kxh3 Kf7 26. Kg2 Ke6 27. Rah1 Rg8 28. g4 g5 29. R4h3 Ng6 30. Kf1 Rgc8 31. Ke1 c4 32. Kd2 cxd3 33. Ne1 dxc2 34. Nd3 Rc4 35. Rc1 Nf4 36. Nxf4+ exf4 37. Rhh1 d3 38. Rh3 Rd8 39. Rxd3 Rxd3+ 40. Kxd3 Ke5 41. Rxc2 Rxc2 42. Kxc2 Kxe4 43. Kd2 Kd4 44. f3 Kc4 45. Kc2 b4 46. axb4 Kxb4 47. Kb1 Kb3 48. Kc1 a3 49. bxa3 Kxa3 50. Kc2 Kb4 51. Kd3 Kc5 52. Ke4 Kd6 53. Kf5 Ke7 54. Ke4 Ke6 55. Kd4 f5 56. gxf5+ Kxf5 57. Kd3 Kg6 58. Ke2 Kxh6 59. Kf2 Kh5 60. Kg2 Kh4 61. Kh2 h5 62. Kg2 g4 63. fxg4 hxg4 64. Kh2 f3 65. Kg1 Kg3 66. Kh1 Kf2 67. Kh2 g3+ 68. Kh1 g2+ 0-1

[Event "Basso Veronese  op-B 3rd"]
[Site "Verona"]
[Date "2010.05.30"]
[Round "3"]
[White "De Togni, Paolo"]
[Black "Zanini, Andrea"]
[Result "1-0"]
[WhiteElo "1368"]
[BlackElo "1694"]
[PlyCount "93"]
[EventDate "2010.05.29"]
[EventType "swiss"]
[EventRounds "6"]
[EventCountry "ITA"]
[SourceTitle "EXT 2011"]
[Source "ChessBase"]
[SourceDate "2010.11.26"]
[SourceVersion "1"]
[SourceVersionDate "2010.11.26"]
[SourceQuality "1"]

1. d4 d5 2. Nf3 Nc6 3. e3 a6 4. Bd3 Nf6 5. Nbd2 Bg4 6. 0-0 e6 7. a3 Bd6 8. Qe1 e5 9. dxe5 Nxe5 10. Nxe5 Bxe5 11. c4 c6 12. cxd5 cxd5 13. f4 Bc7 14. b4 0-0 15. h3 Be6 16. Nb3 Re8 17. Nd4 Bb6 18. Bb2 Bd7 19. Rd1 Ba4 20. Rc1 Rc8 21. Qg3 Bd7 22. Kh1 Ne4 23. Bxe4 Bxd4 24. Bxd4 f6 25. Bxd5+ Kh8 26. Bxb7 Rb8 27. Bxa6 Ra8 28. b5 Bc8 29. Rxc8 Rxc8 30. Bxc8 Qxc8 31. Bxf6 gxf6 32. Qf3 Qc4 33. b6 Rb8 34. Rb1 Qc2 35. Qd1 Qc6 36. Qd4 Rg8 37. Rb2 Qc1+ 38. Kh2 Qe1 39. Qd2 Qg3+ 40. Kg1 Qxh3 41. b7 Qg3 42. b8Q Rxb8 43. Rxb8+ Kg7 44. Qf2 Qg4 45. Rb7+ Kh6 46. Qf3 Qh4 47. Qh3 1-0

[Event "Basso Veronese  op-B 3rd"]
[Site "Verona"]
[Date "2010.05.30"]
[Round "2"]
[White "Gioga, Michele"]
[Black "De Togni, Paolo"]
[Result "1-0"]
[WhiteElo "1676"]
[BlackElo "1368"]
[PlyCount "59"]
[EventDate "2010.05.29"]
[EventType "swiss"]
[EventRounds "6"]
[EventCountry "ITA"]
[SourceTitle "EXT 2011"]
[Source "ChessBase"]
[SourceDate "2010.11.26"]
[SourceVersion "1"]
[SourceVersionDate "2010.11.26"]
[SourceQuality "1"]

1. e4 e6 2. d4 d5 3. Nd2 c5 4. c3 Nc6 5. exd5 Qxd5 6. dxc5 Bxc5 7. Ngf3 Nf6 8. Bc4 Qd8 9. 0-0 0-0 10. Qc2 Ne7 11. Rd1 Qc7 12. Bd3 Ng6 13. Ne4 Nxe4 14. Bxe4 Rb8 15. Bxg6 fxg6 16. Qe4 Bd6 17. h3 b6 18. Bg5 Bd7 19. Qd4 Bc5 20. Qxd7 Qg3 21. Qxe6+ Kh8 22. Bh4 Bxf2+ 23. Kh1 Qxf3 24. gxf3 Bxh4 25. Kg2 Rbe8 26. Qc4 g5 27. Rd7 Rf4 28. Qd3 g4 29. hxg4 Rf6 30. Rd8 1-0

[Event "Basso Veronese-B 2nd"]
[Site "Casaleone"]
[Date "2009.11.15"]
[Round "6"]
[White "De Togni, Paolo"]
[Black "Curto, Carlo Alberto"]
[Result "0-1"]
[WhiteElo "1335"]
[BlackElo "1467"]
[PlyCount "110"]
[EventDate "2009.11.07"]
[EventType "swiss"]
[EventRounds "6"]
[EventCountry "ITA"]
[SourceTitle "EXT 2015"]
[Source "ChessBase"]
[SourceDate "2014.11.20"]
[SourceVersion "1"]
[SourceVersionDate "2014.11.20"]
[SourceQuality "1"]

1. Nf3 d5 2. d4 Nf6 3. e3 Bg4 4. b3 e6 5. Bb2 a6 6. Nbd2 Bb4 7. Be2 0-0 8. 0-0 Nc6 9. a3 Be7 10. Bd3 Qd7 11. Qe1 Ne8 12. Ne5 Nxe5 13. dxe5 c6 14. f3 Bh5 15. f4 f6 16. Qh4 g6 17. Qh3 f5 18. Kf2 Qd8 19. g3 Qb6 20. b4 Rc8 21. Bd4 c5 22. bxc5 Bxc5 23. Rab1 Qa7 24. Bxc5 Rxc5 25. Nb3 Rc8 26. Nd4 Ng7 27. a4 Rc7 28. a5 Qc5 29. Ra1 Rfc8 30. Kg1 Qb4 31. Qg2 Qe7 32. Rfb1 g5 33. Rb6 g4 34. Rab1 Qa3 35. Nxe6 Nxe6 36. Qxd5 Bf7 37. Rxe6 Re7 38. Bxf5 Rce8 39. Qd6 Qxe3+ 40. Kf1 Bxe6 41. Bxe6+ Rxe6 42. Qd5 Qf3+ 43. Qxf3 gxf3 44. Kf2 R8e7 45. Kxf3 Rc6 46. h4 Rxc2 47. Re1 h5 48. f5 Rc3+ 49. Kf4 Rc5 50. e6 Kf8 51. Re5 Rc6 52. g4 Rc4+ 53. Re4 Rxe4+ 54. Kxe4 hxg4 55. Kf4 g3 0-1

[Event "Basso Veronese-B 2nd"]
[Site "Casaleone"]
[Date "2009.11.15"]
[Round "5"]
[White "De Togni, Paolo"]
[Black "Gioga, Michele"]
[Result "0-1"]
[WhiteElo "1335"]
[BlackElo "1680"]
[PlyCount "86"]
[EventDate "2009.11.07"]
[EventType "swiss"]
[EventRounds "6"]
[EventCountry "ITA"]
[SourceTitle "EXT 2015"]
[Source "ChessBase"]
[SourceDate "2014.11.20"]
[SourceVersion "1"]
[SourceVersionDate "2014.11.20"]
[SourceQuality "1"]

1. Nf3 Nf6 2. d4 g6 3. c3 d5 4. Nbd2 Bg7 5. e3 Bg4 6. Bd3 Nbd7 7. 0-0 0-0 8. Re1 e5 9. e4 exd4 10. e5 Nxe5 11. Rxe5 Ne4 12. cxd4 Bxe5 13. dxe5 Nc5 14. Nb3 Nxd3 15. Qxd3 Bf5 16. Qd4 b6 17. Bg5 Qd7 18. Qh4 h5 19. Bf6 Be4 20. Qg5 Kh7 21. Nh4 Qg4 22. Rc1 Qxg5 23. Bxg5 c5 24. Nd2 Rfe8 25. Nxe4 dxe4 26. Bf6 c4 27. Rd1 Rac8 28. Rc1 c3 29. bxc3 Rc4 30. Kf1 Rec8 31. e6 fxe6 32. Ke2 Kh6 33. f3 g5 34. f4 gxh4 35. Ke3 Kg6 36. Be5 Kf5 37. h3 Rg8 38. Rc2 Rg3+ 39. Kf2 e3+ 40. Kg1 Re4 41. Re2 Rc4 42. Bb8 Rxc3 43. Bxa7 Rc1+ 0-1